La constitución del ámbito cívico en el mundo grecoromano

Guardat en:
Dades bibliogràfiques
Autor principal: Herrera Cajas, Héctor Enrique (autor)
Format: Llibre
Idioma:espanyol
Publicat: Santiago, Chile Historia 1980
Matèries:
Etiquetes: Afegir etiqueta
Sense etiquetes, Sigues el primer a etiquetar aquest registre!

MARC

LEADER 00000nam a2200000 a 4500
001 UCX2097
003 CL-VaPUC
005 20240417113827.0
008 910319e19800000CL |||||||||||||||||spa|d
999 |c 223188  |d 223186 
040 |c Pontificia Universidad Católica de Valparaíso 
082 0 4 |a 938.08 HER 1980  |2 21 
100 |a Herrera Cajas, Héctor Enrique   |e autor  |9 888385 
245 1 3 |a La constitución del ámbito cívico en el mundo grecoromano 
260 |a Santiago, Chile  |b Historia  |c 1980 
300 |a 28 páginas 
500 |a Separata de historia, 2, 1986, editada por el Instituto de Historia de la Universidad Católica de Chile 
583 |a last modification  |c 19910319 00:00:00  |k Rodrigo Vera 
650 0 |a Historia  |9 255047 
651 0 |a Grecia  |9 265314 
942 |c BK  |2 ddc 
945 |d 19910319 00:00:00 
952 |0 0  |1 0  |4 0  |6 938_080000000000000_HER_1980  |7 0  |8 A  |9 218734  |a BIBHIS  |b BIBHIS  |d 2019-11-15  |i 2875438  |o 938.08 HER 1980  |p 2875438  |r 2025-01-20  |w 2019-11-15  |y BK  |k HIS